<?xml version="1.0" encoding="UTF-8"?>
<record
    xmlns:xsi="http://www.w3.org/2001/XMLSchema-instance"
    xsi:schemaLocation="http://www.loc.gov/MARC21/slim http://www.loc.gov/standards/marcxml/schema/MARC21slim.xsd"
    xmlns="http://www.loc.gov/MARC21/slim">

  <leader>00721nam a2200241   4500</leader>
  <controlfield tag="001">72273</controlfield>
  <controlfield tag="005">20260526145452.0</controlfield>
  <datafield tag="010" ind1=" " ind2=" ">
    <subfield code="a">978-989-9027-27-5</subfield>
  </datafield>
  <datafield tag="090" ind1=" " ind2=" ">
    <subfield code="a">72273</subfield>
  </datafield>
  <datafield tag="100" ind1=" " ind2=" ">
    <subfield code="a">20260506d2021    d||y0pory50030103ba</subfield>
  </datafield>
  <datafield tag="101" ind1="0" ind2=" ">
    <subfield code="a">por</subfield>
    <subfield code="c">eng</subfield>
  </datafield>
  <datafield tag="102" ind1=" " ind2=" ">
    <subfield code="a">PT</subfield>
  </datafield>
  <datafield tag="200" ind1="1" ind2=" ">
    <subfield code="a">As rotas da seda</subfield>
    <subfield code="e">uma nova hist&#xF3;ria do mundo</subfield>
    <subfield code="f">Peter Frankopan</subfield>
    <subfield code="g">il. Neil Packer</subfield>
  </datafield>
  <datafield tag="210" ind1=" " ind2="9">
    <subfield code="a">Coimbra</subfield>
    <subfield code="c">Minotauro</subfield>
    <subfield code="d">2021</subfield>
  </datafield>
  <datafield tag="215" ind1=" " ind2=" ">
    <subfield code="a">126, [2] p.</subfield>
    <subfield code="c">muito il. color., des.</subfield>
    <subfield code="d">30 cm</subfield>
  </datafield>
  <datafield tag="304" ind1=" " ind2=" ">
    <subfield code="a">T&#xED;t. orig. : The silk roads</subfield>
  </datafield>
  <datafield tag="675" ind1=" " ind2=" ">
    <subfield code="a"> 087.5-053.6</subfield>
    <subfield code="v">BN</subfield>
    <subfield code="z">por</subfield>
  </datafield>
  <datafield tag="675" ind1=" " ind2=" ">
    <subfield code="a">94(100)</subfield>
    <subfield code="v">BN</subfield>
    <subfield code="z">por</subfield>
  </datafield>
  <datafield tag="675" ind1=" " ind2=" ">
    <subfield code="a">339.5(091)</subfield>
    <subfield code="v">BN</subfield>
    <subfield code="z">por</subfield>
  </datafield>
  <datafield tag="700" ind1=" " ind2=" ">
    <subfield code="a">Frankopan</subfield>
    <subfield code="b">Peter</subfield>
    <subfield code="f">1971-</subfield>
    <subfield code="9">52892</subfield>
  </datafield>
  <datafield tag="702" ind1=" " ind2=" ">
    <subfield code="a">Packer</subfield>
    <subfield code="b">Neil </subfield>
    <subfield code="f">1961-</subfield>
    <subfield code="4">440</subfield>
    <subfield code="9">52893</subfield>
  </datafield>
  <datafield tag="801" ind1=" " ind2="0">
    <subfield code="a">PT</subfield>
    <subfield code="b">BN</subfield>
    <subfield code="g">RPC</subfield>
  </datafield>
  <datafield tag="942" ind1=" " ind2=" ">
    <subfield code="c">MON</subfield>
    <subfield code="n">0</subfield>
  </datafield>
  <datafield tag="995" ind1=" " ind2=" ">
    <subfield code="0">0</subfield>
    <subfield code="2">0</subfield>
    <subfield code="5">2024-09-12</subfield>
    <subfield code="9">117448</subfield>
    <subfield code="b">BMTAV</subfield>
    <subfield code="c">BMTAV</subfield>
    <subfield code="f">BMTAV71524</subfield>
    <subfield code="g">SI</subfield>
    <subfield code="j">71524</subfield>
    <subfield code="k">CJ5 FRA</subfield>
    <subfield code="o">0</subfield>
    <subfield code="p">21.00</subfield>
    <subfield code="r">MON</subfield>
  </datafield>
</record>
